000 00293nam a22001337a 4500
008 180208b xxu||||| |||| 00| 0 eng d
020 _a9780716791591
041 _aeng
080 _a316
100 _a51
101 _aSOC
245 _aTHE DEVELOPING PERSON
_cJESSICA.B
942 _2udc
_cBK
999 _c42067
_d42067